| 000 | 004300000a22001210004500 | ||
|---|---|---|---|
| 090 |
_aAR _b04453 |
||
| 245 | 1 | 0 | _aLectotype designations, new synonymies, and new species in the genera Trichillum Harold and Pedaridium Harold (Coleoptera: Scarabaeidae: Scarabaeinae) |
| 041 | 0 | _aInglés | |
| 700 | 1 |
_aGénier, Francois _998343 |
|
| 100 | 1 |
_aVaz de Mello, Fernando Z. _994442 |
|
| 942 | _cARTICULO | ||
| 773 | 1 |
_tZootaxa _h1038 _q41-52 _d2005 |
|
| 999 |
_c13552 _d13552 |
||